000 00797nam a22002297a 4500
003 DO-SdBNP
005 20251106081141.0
007 ta
008 221117b2014 dr a|||| |||| 00| 0 spa d
020 _a9789945489736
040 _aDO-SdBNP
_bspa
_cBNPHU
082 4 _222
100 _934769
_aEstrella Veloz, Santiago
_d1942-
245 1 4 _aLos inolvidables periodistas, escritores, abogados, poetas, médicos y empresarios /
_cSantiago Estrella Veloz ; prólogo José Rafael Lantigua
260 _aSanto Domingo :
_bSantuario,
_c2014.
300 _a223 p. :
_bil. ;
_c23 cm.
500 _aIncluye datos biográficos del autor en la solapa de la cubierta
590 _aInventariado, 2022/BT
700 1 _aLantigua, José Rafael,
_d1949-
_epról.
_91438
910 _aBtavárez
942 _2ddc
_cLBS1
999 _c52964
_d52964